Menosprecio de corte y alabanza de aldea
保存先:
| 第一著者: | |
|---|---|
| フォーマット: | 図書 |
| 言語: | スペイン語 |
| 出版事項: |
Zaragoza
Ebro
1969
|
| シリーズ: | Biblioteca Clásica Ebro, Clásicos Españoles, 111
|
| 主題: | |
| タグ: |
タグ追加
タグなし, このレコードへの初めてのタグを付けませんか!
|
MARC
| LEADER | 00000nam a2200000 a 4500 | ||
|---|---|---|---|
| 001 | UCQ2851 | ||
| 003 | CL-VaPUC | ||
| 008 | 980731e19690000SP |||||||||||||||||spa|d | ||
| 082 | 0 | 4 | |a 863 |b GUE |2 21 |
| 100 | 0 | |a Guevara, Antonio de |e author |9 378670 | |
| 245 | 1 | 0 | |a Menosprecio de corte y alabanza de aldea |
| 300 | |a 158 p | ||
| 942 | |c BK | ||
| 945 | |d 19980731 00:00:00 |a lriquelm | ||
| 260 | |a Zaragoza |b Ebro |c 1969 | ||
| 650 | 7 | |a PROSA ESPAÑOLA |2 CL-VaPUC |9 321304 | |
| 650 | 0 | |a Literatura española |9 306261 | |
| 583 | |a last modification |c 19980731 00:00:00 |k Rodrigo Vera | ||
| 490 | 0 | |a Biblioteca Clásica Ebro, Clásicos Españoles, 111 | |
| 999 | |c 273612 |d 273610 | ||
| 952 | |0 0 |1 0 |4 0 |6 863_000000000000000_GUE_1969 |7 0 |8 A |9 309373 |a BIBEDU |b BIBEDU |d 2019-11-20 |i 1438336 |o 863 GUE 1969 |p 1438336 |r 2019-11-20 |w 2019-11-20 |y BK |k LIT | ||
| 952 | |0 0 |1 0 |4 0 |6 863_000000000000000_GUE_1969 |7 0 |8 A |9 309374 |a BIBEDU |b BIBEDU |d 2019-11-20 |i 1450247 |o 863 GUE 1969 |p 1450247 |r 2019-11-20 |w 2019-11-20 |y BK |k LIT | ||